Ancient India from the Earlist Times to the First Century Ad (Record no. 1053)

MARC details
000 -LEADER
fixed length control field 00427nam a2200133Ia 4500
008 - FIXED-LENGTH DATA ELEMENTS--GENERAL INFORMATION
fixed length control field 211109s9999||||xx |||||||||||||| ||und||
082 ## - DEWEY DECIMAL CLASSIFICATION NUMBER
Classification number 934
Item number RAP-A
100 ## - MAIN ENTRY--PERSONAL NAME
Personal name Rapson, E G,
245 #0 - TITLE STATEMENT
Title Ancient India from the Earlist Times to the First Century Ad
260 ## - PUBLICATION, DISTRIBUTION, ETC.
Name of publisher, distributor, etc. Cambridge University
Place of publication, distribution, etc. New York
Date of publication, distribution, etc. 1916
630 ## - SUBJECT ADDED ENTRY--UNIFORM TITLE
General subdivision General Stack
650 ## - SUBJECT ADDED ENTRY--TOPICAL TERM
Topical term or geographic name entry element Ancient Indian History
942 ## - ADDED ENTRY ELEMENTS (KOHA)
Koha item type BOOK
650 ## - SUBJECT ADDED ENTRY--TOPICAL TERM
Form subdivision Indian HistroyFirst Century India
General subdivision History
Holdings
Withdrawn status Lost status Source of classification or shelving scheme Damaged status Not for loan Home library Current library Date acquired Total Checkouts Full call number Barcode Shelving location Date last seen Price effective from Koha item type
    Dewey Decimal Classification     SB LIBRARY SB LIBRARY 09/11/2021   934 RAP-A 00001054 GENERAL STACK 09/11/2021 09/11/2021 BOOK

Powered by Koha